000 00244nam a2200097Ia 4500
008 170619s9999 xx 000 0 und d
100 _aSINGH SAROJ
245 0 _aFUNDAMENTALS OF COMPUTER PROGAMMING IN C
260 _bARIHANT PRAKASHAN
260 _c2010
546 _aENGLISH
999 _c19277
_d19277